000 00968nam a22002417a 4500
003 BD-DhSAU
005 20190226133427.0
008 160824b2016 bg ||||| |||| 001 0 eng d
040 _aBD-DhSAU
082 _222
_a581.15
_bH7949
100 _aHossain , Md. Deluar
_eRegistration # 07-02650
245 _aGenetic analysis on yield and its component characters of Maize(Zea mays L.) varieties available in Bangladesh/
_bPh.D Thesis
_cHossain , Md. Deluar
260 _aGenetics and Plant Breeding :
_bSher-e-Bangla Agricultural University,
_c2016
300 _axxiii, 262 p. :
_bill. ;
_c30 cm.
500 _aPh.D thesis of Department of ,Genetics and Plant Breeding, Sher-e-Bangla Agricultural University, Dhaka.
590 _aShofi
650 _aGenetics and Plant Breeding
650 _aGenetic analysis
650 _a Component characters
650 _aMaize(Zea mays L.)
_zBangladesh
700 _aMahmud , Firoz
_eSupervisor
942 _2ddc
_cPHD
999 _c14166
_d14165